Software engineering: A practioner's approach (Record no. 141547)

MARC details
000 -LEADER
fixed length control field 00395nam a2200157Ia 4500
008 - FIXED-LENGTH DATA ELEMENTS--GENERAL INFORMATION
fixed length control field 230917s9999||||xx |||||||||||||| ||und||
040 ## - CATALOGING SOURCE
-- 114954
Original cataloging agency VIVEKANANDA LIBRARY
041 ## - Language
-- English
082 ## - DDC NUMBER
Classification number 005.1 P926S
100 ## - MAIN ENTRY--PERSONAL NAME
Personal name Pressman, Roger S
245 #0 - TITLE STATEMENT
Title Software engineering: A practioner's approach
250 ## - EDITION STATEMENT
Edition statement 6th ed.
260 ## - PUBLICATION, DISTRIBUTION, ETC. (IMPRINT)
Place of publication, distribution, etc Boston
Name of publisher, distributor, etc McGraw-Hill
Date of publication, distribution, etc 2005
300 ## - PHYSICAL DESCRIPTION
Pages 912 p.
942 ## - ADDED ENTRY ELEMENTS (KOHA)
Koha item type Books
Holdings
Withdrawn status Lost status Damaged status Not for loan Location (home branch) Sublocation or collection (holding branch) Shelving location Date acquired Koha issues (times borrowed) Koha full call number Accession No. Koha date last seen Koha item type
        VIVEKANANDA LIBRARY VIVEKANANDA LIBRARY UIET Library 24/04/2008   005.1 P926S 248181 17/09/2023 Books
        VIVEKANANDA LIBRARY VIVEKANANDA LIBRARY UIET Library 24/04/2008   005.1 P926S 248182 17/09/2023 Books
        VIVEKANANDA LIBRARY VIVEKANANDA LIBRARY UIET Library 24/04/2008   005.1 P926S 248183 17/09/2023 Books
        VIVEKANANDA LIBRARY VIVEKANANDA LIBRARY UIET Library 24/04/2008   005.1 P926S 248184 17/09/2023 Books
        VIVEKANANDA LIBRARY VIVEKANANDA LIBRARY UIET Library 24/04/2008   005.1 P926S 248185 17/09/2023 Books
        VIVEKANANDA LIBRARY VIVEKANANDA LIBRARY UIET Library 24/04/2008   005.1 P926S 248186 17/09/2023 Books
        VIVEKANANDA LIBRARY VIVEKANANDA LIBRARY UIET Library 24/04/2008   005.1 P926S 248187 17/09/2023 Books
        VIVEKANANDA LIBRARY VIVEKANANDA LIBRARY UIET Library 24/04/2008   005.1 P926S 248188 17/09/2023 Books
        VIVEKANANDA LIBRARY VIVEKANANDA LIBRARY UIET Library 24/04/2008   005.1 P926S 248189 17/09/2023 Books
        VIVEKANANDA LIBRARY VIVEKANANDA LIBRARY UIET Library 24/04/2008   005.1 P926S 248190 17/09/2023 Books
        VIVEKANANDA LIBRARY VIVEKANANDA LIBRARY UIET Library 24/04/2008   005.1 P926S 248191 17/09/2023 Books
        VIVEKANANDA LIBRARY VIVEKANANDA LIBRARY UIET Library 24/04/2008   005.1 P926S 248192 17/09/2023 Books
        VIVEKANANDA LIBRARY VIVEKANANDA LIBRARY UIET Library 24/04/2008 1 005.1 P926S 248193 31/12/2024 Books
        VIVEKANANDA LIBRARY VIVEKANANDA LIBRARY UIET Library 24/04/2008   005.1 P926S 248194 17/09/2023 Books
        VIVEKANANDA LIBRARY VIVEKANANDA LIBRARY UIET Library 24/04/2008   005.1 P926S 248195 17/09/2023 Books
© Designed and Maintained by Vivekananda Library, MDU Rohtak